| 000 | 00750cam a22002531 4500 | ||
|---|---|---|---|
| 001 | sa 62000222 | ||
| 003 | DLC | ||
| 005 | 20260227111913.0 | ||
| 008 | 720308s1961 ii b 000 0 eng | ||
| 010 | _asa 62000222 | ||
| 025 | _aPL480:I-E-24 | ||
| 035 | _a(OCoLC)258890 | ||
| 040 |
_aDLC _cODaWU _dOCoLC _dMH _dDLC |
||
| 042 | _apremarc | ||
| 050 | 0 | 0 |
_aHN683 _b.D3 |
| 100 | 1 |
_aDatta, Kalikinkar, _d1905- |
|
| 245 | 1 | 0 | _aSurvey of India's social life and economic condition in the eighteenth century (1707-1813) |
| 250 | _a[1st ed.] | ||
| 260 |
_aCalcutta, _bFirma K.L. Mukhopadhyay, _c1961. |
||
| 300 |
_a258 p. _c22 cm. |
||
| 504 | _aIncludes bibliography. | ||
| 651 | 0 |
_aIndia _xSocial conditions. |
|
| 651 | 0 |
_aIndia _xEconomic conditions. |
|
| 999 |
_c52853 _d52853 |
||